Кримінально-правова характеристика заподіяння тяжкої шкоди при перевищенні меж необхідної оборони (Запис № 458696)

МАРК-запис
000 -Лідер
fixed length control field 03097nam a22002657a 4500
001 - Контрольний номер
control field 5150453
003 - Ідентифікатор контрольного номера
control field UA-OsUOA
005 - Дата та час останнього входження (трансакції)
control field 20201109110352.0
008 - Елементи даних фіксованої довжини – загальна інформація
fixed length control field 200402b un ||||| m||| 00| 0 ukr d
040 ## - Джерело каталогізації
Агенція оригінальної каталогізації UA-OsUOA
Мова каталогізації ukr
Агенція, яка здійснювала перезапис UA-OsUOA
Агенція, яка здійснювала модифікацію UA-OsUOA
041 ## - Код мови
Код мови тексту/ звукової доріжки чи окремого заголовка (П) ukr
080 ## - Індекс Універсальної десяткової класифікації
Індекс Універсальної десяткової класифікації (УДК) (НП) 351.741
090 ## - Локальний шифр розміщення
Класифікаційний індекс УДК 351.741
095 ## - Код спеціальності для авторефератів
Код спеціальності 12.00.08
Назва спеціальності кримінальне право та кримінологія; кримінально-виконавче право
100 ## - Основне введення – ім’я особи
Ім’я особи (НП) Столяр Т. В.
245 ## - Відомості про назву
Назва (НП) Кримінально-правова характеристика заподіяння тяжкої шкоди при перевищенні меж необхідної оборони
Дані про відповідальність (НП) Столяр Таїсія Володимирівна ; наук. керівник Міняйло Ніна Євгенівна
260 ## - Публікація, розповсюдження і т.п. (Вихідні дані)
Місце публікації, розповсюдження і т.п. (П) Київ
Дата публікації, розповсюдження і т.п. (П) 2016
300 ## - Фізичний опис
Обсяг 20 с.
502 ## - Примітка про дисертацію
Зв'язок Автореферат дисертації на здобуття наукового ступеня кандидата юридичних наук<br/>
Наймення інституції, що представляється Національна академія внутрішніх справ
Рік отримання вченого ступеня 2016
520 ## - Резюме і т.п.
Резюме, реферат, анотація, тощо (НП) Дисертація є першим в Україні монографічним дослідженням, що спеціально присвячена аналізу проблем кримінально-правової характеристики заподіяння тяжкої шкоди при перевищенні меж необхідної оборони. <br/>У дисертації викладено історію розвитку законодавства про умисне вбивство та умисне заподіяння тяжкого тілесного ушкодження при перевищенні меж необхідної оборони, проведено юридичний аналіз складу вказаних злочинів, надано та охарактеризовано правову природу необхідної оборони та перевищення її меж. <br/>На підставі сформульованих положень пропонується знизити вік, з якого наступає кримінальна відповідальність за умисне вбивство та умисне заподіяння тяжких тілесних ушкоджень при перевищенні меж необхідної оборони. <br/>Вносяться конкретні пропозиції щодо удосконалення кримінального законодавства про необхідну оборону, зокрема статті 36 КК України та статей 118 і 124 КК України.
650 ## - Додаткове предметне введення – тематичний термін
Джерело заголовка чи терміна UDC
Тематичний термін чи географічна назва, як елемент введення (НП) 351 Напрями діяльності органів державного адміністративного управління
942 ## - Додаткові елементи входу (Коха)
Source of classification or shelving scheme Universal Decimal Classification
Тип елемента Koha Автореферат
955 ## - Код типу видання за змістом
Код типу видання за змістом (НП) Наукові видання

Немає доступних примірників.